Hiện tượng học và chủ nghĩa duy vật biện chứng

Đã lưu trong:
Chi tiết về thư mục
Tác giả chính: Trần Đức Thảo
Định dạng: Sách
Được phát hành: Đại học quốc gia Hà Nội 2004
Các nhãn: Thêm thẻ
Không có thẻ, Là người đầu tiên thẻ bản ghi này!
Thư viện lưu trữ: Mạng thư viện Đại học Đà Nẵng
LEADER 00629nam a2200229 a 4500
001 000029489
003 19409
005 20171030145630.0
008 171030s2004
020 |c 40000 
040 |a LTT 
082 0 |a 334.41  |b TR-T 
100 1 |a Trần Đức Thảo 
245 0 0 |a Hiện tượng học và chủ nghĩa duy vật biện chứng  |c Trần Đức Thảo ; Đinh Chân dịch. 
260 |b Đại học quốc gia Hà Nội  |c 2004 
OWN |a LTT 
999 |a From the UDN01 
TYP |a Monograph 
TYP |a Printed language 
980 |a Mạng thư viện Đại học Đà Nẵng